[Event "Outaouais op (TORO) U1900"]
[Site "Gatineau CAN"]
[Date "2014.06.??"]
[Round "4"]
[White "Fei, David"]
[Black "Rodriguez, Jose Manuel"]
[Result "1-0"]
[WhiteElo "1899"]
[BlackElo "1652"]
[PlyCount "89"]
[EventDate "2014.06.06"]
[EventType "swiss"]
[EventRounds "5"]
[EventCountry "CAN"]

1. e4 c6 2. d4 d5 3. Nc3 dxe4 4. Nxe4 Bf5 5. Ng3 Bg6 6. Nf3 e6 7. Ne5 Nd7 8.
Nxg6 hxg6 9. Be2 Ngf6 10. Bf3 Bd6 11. O-O Qc7 12. c4 Bf4 13. d5 O-O 14. Bxf4
Qxf4 15. dxe6 fxe6 16. Qd3 Ne5 17. Qe2 Nxf3+ 18. gxf3 Rae8 19. Rad1 Re7 20. b3
Nh7 21. Qe3 Qxf3 22. Qxf3 Rxf3 23. Kg2 Rf8 24. Rd6 Nf6 25. Re1 Kf7 26. Re5 Rfe8
27. Rd4 Rd7 28. Rf4 Kg8 29. Rg5 Nh5 30. Rfg4 Nxg3 31. Rxg3 Rf7 32. Rxg6 Ref8
33. f3 Re8 34. h4 e5 35. h5 Kh7 36. R3g4 Ree7 37. R6g5 Rf4 38. Kg3 Rd4 39. Re4
Rxe4 40. fxe4 Re6 41. Kg4 Kh6 42. c5 b6 43. b4 b5 44. Kh4 Re7 45. Rg6+ 1-0

[Event "Outaouais op (TORO) U1900"]
[Site "Gatineau CAN"]
[Date "2014.06.??"]
[Round "4"]
[White "Gendron, Roger"]
[Black "Van Dusen, Eric"]
[Result "0-1"]
[WhiteElo "1531"]
[BlackElo "1790"]
[PlyCount "118"]
[EventDate "2014.06.06"]
[EventType "swiss"]
[EventRounds "5"]
[EventCountry "CAN"]

1. e4 e6 2. d4 d5 3. exd5 exd5 4. c3 Bd6 5. Bd3 Nf6 6. Nf3 O-O 7. O-O Bg4 8.
Bg5 Nbd7 9. Nbd2 h6 10. Be3 Re8 11. c4 c6 12. c5 Bc7 13. b4 Ne4 14. Qc2 f5 15.
Ne1 Bh5 16. Nxe4 fxe4 17. Be2 Qh4 18. g3 Qh3 19. Bxh5 Qxh5 20. Ng2 g5 21. Qd2
Nf6 22. h4 Ng4 23. Qd1 Kg7 24. Rb1 Rf8 25. Rb3 Kg6 26. Bc1 Rf7 27. Ne3 Nxe3 28.
Qxh5+ Kxh5 29. Bxe3 Raf8 30. hxg5 hxg5 31. Kg2 Kg4 32. Bd2 Rf3 33. Rxf3 exf3+
34. Kg1 Re8 35. a3 Re2 36. Bc1 Kf5 37. Rd1 g4 38. Rf1 Ke4 39. Rd1 Bd8 40. Kf1
Bf6 41. Be3 Ra2 42. Bc1 Bxd4 43. Re1+ Kd3 44. Rd1+ Kc4 45. Be3 Bxe3 46. fxe3
Rxa3 47. Rd4+ Kb5 48. Rxg4 Rxe3 49. Kf2 Rb3 50. Rf4 Rxb4 51. Rxb4+ Kxb4 52. g4
a5 53. g5 a4 54. g6 a3 55. g7 a2 56. g8=Q a1=Q 57. Qg4+ Kxc5 58. Qxf3 Qd4+ 59.
Kg3 Kc4 0-1

[Event "Outaouais op (TORO) U1900"]
[Site "Gatineau CAN"]
[Date "2014.06.??"]
[Round "4"]
[White "Jobin, Gilles G"]
[Black "Ju, Terrence"]
[Result "0-1"]
[WhiteElo "1703"]
[BlackElo "1524"]
[PlyCount "30"]
[EventDate "2014.06.06"]
[EventType "swiss"]
[EventRounds "5"]
[EventCountry "CAN"]

1. d4 Nf6 2. Nf3 g6 3. Nc3 Bg7 4. e4 d6 5. Be3 Nbd7 6. Bc4 O-O 7. Qd2 Ng4 8. h3
Nxe3 9. Qxe3 c5 10. Ne2 cxd4 11. Qa3 Qb6 12. Rb1 Nc5 13. Nexd4 Nxe4 14. Bd3 d5
15. c3 e5 0-1

[Event "Outaouais op (TORO) U1900"]
[Site "Gatineau CAN"]
[Date "2014.06.??"]
[Round "4"]
[White "Ju, Lawrence"]
[Black "Guentchev, Radoslav"]
[Result "0-1"]
[WhiteElo "1600"]
[BlackElo "1674"]
[PlyCount "100"]
[EventDate "2014.06.06"]
[EventType "swiss"]
[EventRounds "5"]
[EventCountry "CAN"]

1. d4 d5 2. c4 c6 3. Nc3 Nf6 4. Nf3 Qb6 5. cxd5 cxd5 6. Qb3 Qxb3 7. axb3 Bd7 8.
Bg5 e6 9. Rc1 Bb4 10. Bd2 Nc6 11. Nb5 Bxd2+ 12. Nxd2 Ke7 13. e3 a6 14. Nc3 Rac8
15. Na4 Nb4 16. Nc3 Ne4 17. Ndxe4 dxe4 18. Be2 Nd5 19. O-O Nxc3 20. bxc3 Rc7
21. f3 exf3 22. Bxf3 Rhc8 23. c4 a5 24. e4 a4 25. Bd1 axb3 26. Bxb3 Bb5 27. Rc3
Bxc4 28. Rfc1 b5 29. Kf2 Kd7 30. Bxc4 Rxc4 31. Rxc4 Rxc4 32. Rxc4 bxc4 33. Ke3
f5 34. exf5 exf5 35. d5 Kd6 36. Kd4 c3 37. Kxc3 Kxd5 38. Kd3 g5 39. h3 h5 40.
Ke3 Ke5 41. g3 f4+ 42. gxf4+ gxf4+ 43. Kf3 Kf5 44. h4 Ke5 45. Kg2 Ke4 46. Kf2
f3 47. Kf1 Kf4 48. Kg1 Kg3 49. Kf1 Kxh4 50. Kf2 Kg4 0-1

[Event "Outaouais op (TORO) U1900"]
[Site "Gatineau CAN"]
[Date "2014.06.??"]
[Round "4"]
[White "Kearnan, Daniel"]
[Black "Mathieu, Guillaume"]
[Result "0-1"]
[WhiteElo "1730"]
[BlackElo "1747"]
[PlyCount "68"]
[EventDate "2014.06.06"]
[EventType "swiss"]
[EventRounds "5"]
[EventCountry "CAN"]

1. d4 Nf6 2. c4 g6 3. Nc3 Bg7 4. e4 d6 5. Nf3 O-O 6. Be2 e5 7. O-O Nc6 8. d5
Ne7 9. b4 Nh5 10. Re1 f5 11. Ng5 Nf6 12. Bf3 Kh8 13. g3 h6 14. Ne6 Bxe6 15.
dxe6 Nc6 16. Rb1 Nd4 17. Bg2 c6 18. exf5 gxf5 19. b5 Qc7 20. Ba3 Rfe8 21. Kh1
Rad8 22. bxc6 bxc6 23. Qa4 Rxe6 24. Ne2 Ne4 25. Nxd4 exd4 26. Qc2 d3 27. Qb3
Nxf2+ 28. Kg1 Rxe1+ 29. Rxe1 d2 30. Rf1 d1=Q 31. Rxd1 Nxd1 32. Qxd1 d5 33. cxd5
Qe5 34. Qf3 Qd4+ 0-1

[Event "Outaouais op (TORO) U1900"]
[Site "Gatineau CAN"]
[Date "2014.06.??"]
[Round "4"]
[White "Lavergne, Daniel"]
[Black "Yergeau, Simon"]
[Result "0-1"]
[WhiteElo "1747"]
[BlackElo "1549"]
[PlyCount "60"]
[EventDate "2014.06.06"]
[EventType "swiss"]
[EventRounds "5"]
[EventCountry "CAN"]

1. e4 c6 2. Nf3 d5 3. Nc3 dxe4 4. Nxe4 Nd7 5. d4 Ngf6 6. Neg5 e6 7. Bd3 Bd6 8.
O-O h6 9. Nxf7 Kxf7 10. Re1 Re8 11. Ne5+ Kg8 12. Qf3 Bxe5 13. dxe5 Nh7 14. Qe4
Nhf8 15. b4 a5 16. Re3 Qg5 17. h4 Qf5 18. Qd4 Qh5 19. Be2 Qf5 20. g4 Qxc2 21.
Bd1 c5 22. Qd6 Qc4 23. Rg3 Qd4 24. Qxd4 cxd4 25. g5 hxg5 26. Rxg5 Nh7 27. Rg4
Nxe5 28. Rxd4 Nc6 29. Rg4 e5 30. b5 Bxg4 0-1

[Event "Outaouais op (TORO) U1900"]
[Site "Gatineau CAN"]
[Date "2014.06.??"]
[Round "4"]
[White "Piche, Guy"]
[Black "Raymond, Daniel"]
[Result "0-1"]
[WhiteElo "1652"]
[BlackElo "1621"]
[PlyCount "98"]
[EventDate "2014.06.06"]
[EventType "swiss"]
[EventRounds "5"]
[EventCountry "CAN"]

1. f4 d5 2. b3 Nf6 3. e3 e6 4. Bb2 Be7 5. Nf3 Nbd7 6. Be2 c5 7. O-O a6 8. a4 b6
9. Ne5 Bb7 10. Bf3 O-O 11. d3 Qc7 12. Nd2 Bd6 13. d4 Rac8 14. c4 cxd4 15. exd4
Bb4 16. Rc1 Qd8 17. Qe2 Re8 18. Rc2 Nxe5 19. fxe5 Nd7 20. Qf2 f5 21. exf6 Nxf6
22. Be2 Rf8 23. Qh4 Bxd2 24. Rxd2 Ne4 25. Qxd8 Rcxd8 26. Rc2 Rc8 27. Bg4 Rxf1+
28. Kxf1 Kf7 29. Bf3 dxc4 30. bxc4 Rxc4 31. Bxe4 Bxe4 32. Rxc4 Bd3+ 33. Kf2
Bxc4 34. Bc3 a5 35. Ke3 Bb3 36. Kf4 Bxa4 37. Ke5 Bb3 38. Kd6 a4 39. Bb2 b5 40.
Kd7 g5 41. Ba3 Kg6 42. Ke7 Kf5 43. Kf8 Ke4 44. Kg7 Kxd4 45. Kxh7 e5 46. Kg6 g4
47. Kf5 e4 48. Kf4 Kd3 49. Bc5 Kc4 0-1

[Event "Outaouais op (TORO) U1900"]
[Site "Gatineau CAN"]
[Date "2014.06.??"]
[Round "4"]
[White "Poirier, Alexis"]
[Black "Poirier, Martin"]
[Result "0-1"]
[WhiteElo "1577"]
[BlackElo "1540"]
[PlyCount "52"]
[EventDate "2014.06.06"]
[EventType "swiss"]
[EventRounds "5"]
[EventCountry "CAN"]

1. e4 e6 2. d4 d5 3. Nc3 Bb4 4. e5 c5 5. a3 Bxc3+ 6. bxc3 Ne7 7. Nf3 Qc7 8. Bd3
Nbc6 9. Bd2 c4 10. Be2 Bd7 11. O-O Nf5 12. Qc1 O-O-O 13. Qb2 Nce7 14. Rfb1 Ba4
15. Bg5 h6 16. Bd2 g5 17. Ra2 b5 18. Ne1 Ng6 19. g3 Rdf8 20. Bh5 Ng7 21. Bf3 f6
22. exf6 Rxf6 23. Qb4 Rhf8 24. Kg2 a5 25. Qc5 Qxc5 26. dxc5 Ne5 0-1

[Event "Outaouais op (TORO) U1900"]
[Site "Gatineau CAN"]
[Date "2014.06.??"]
[Round "4"]
[White "Roth, Gerhard"]
[Black "Legault, Stephane"]
[Result "1-0"]
[WhiteElo "1738"]
[BlackElo "1520"]
[PlyCount "69"]
[EventDate "2014.06.06"]
[EventType "swiss"]
[EventRounds "5"]
[EventCountry "CAN"]

1. e4 c6 2. d4 d5 3. exd5 cxd5 4. c4 Nf6 5. Nc3 b6 6. Nf3 Bb7 7. Bf4 a6 8. Be2
e6 9. O-O Bd6 10. Bg5 Nbd7 11. cxd5 e5 12. Re1 O-O 13. dxe5 Nxe5 14. Ne4 Nxf3+
15. Bxf3 Be5 16. Nxf6+ Bxf6 17. Bxf6 Qxf6 18. Qb3 Qd6 19. Rad1 Rac8 20. Re2
Rfe8 21. Red2 Re5 22. h3 Rce8 23. g3 Bc8 24. Bg2 g5 25. Rd4 f5 26. Qd3 h5 27.
Qd2 f4 28. gxf4 Re2 29. Qc1 gxf4 30. Rxf4 Qg6 31. Rf3 h4 32. d6 Re1+ 33. Rxe1
Rxe1+ 34. Qxe1 Bb7 35. d7 1-0

[Event "Outaouais op (TORO) U1900"]
[Site "Gatineau CAN"]
[Date "2014.06.??"]
[Round "4"]
[White "Tak Mok, Yuen"]
[Black "Lemieux, Serge"]
[Result "0-1"]
[WhiteElo "1776"]
[BlackElo "1556"]
[PlyCount "58"]
[EventDate "2014.06.06"]
[EventType "swiss"]
[EventRounds "5"]
[EventCountry "CAN"]

1. e4 e6 2. Qe2 c6 3. Nf3 d5 4. d3 Nd7 5. g3 Ne7 6. Bg2 b6 7. O-O Ng6 8. Ne1
Be7 9. f4 O-O 10. f5 exf5 11. exd5 Bc5+ 12. Kh1 Re8 13. Qd1 cxd5 14. Bxd5 Rb8
15. c3 Nf6 16. Bf3 Ne5 17. Bf4 Nxf3 18. Nxf3 Ng4 19. Kg2 Bb7 20. h3 Ne3+ 21.
Bxe3 Rxe3 22. d4 Be7 23. Kh2 Qd5 24. Nbd2 f4 25. g4 Bh4 26. c4 Bg3+ 27. Kh1
Qxd4 28. Qc2 Re2 29. Nb3 Rh2+ 0-1

[Event "Outaouais op (TORO) U1900"]
[Site "Gatineau CAN"]
[Date "2014.06.??"]
[Round "4"]
[White "Tremblay, Mario"]
[Black "Mathieu, Jeremie"]
[Result "0-1"]
[WhiteElo "1676"]
[BlackElo "1584"]
[PlyCount "49"]
[EventDate "2014.06.06"]
[EventType "swiss"]
[EventRounds "5"]
[EventCountry "CAN"]

1. e4 d6 2. f4 e5 3. Nf3 g6 4. Bc4 f6 5. fxe5 dxe5 6. O-O Bg4 7. Bf7+ Kxf7 8.
Ng5+ Kg7 9. Qxg4 fxg5 10. Qe6 Qe7 11. Qc8 c6 12. d4 Nh6 13. Nc3 Qd7 14. Qxd7+
Nxd7 15. Bxg5 exd4 16. Ne2 Bc5 17. Kh1 Rhf8 18. Nf4 Rae8 19. Nd3 Rxf1+ 20. Rxf1
Be7 21. Bd2 Bd6 22. e5 Nxe5 23. Re1 Nhf7 24. Bf4 Re7 25. Nxe5 0-1

[Event "Outaouais op (TORO) U1900"]
[Site "Gatineau CAN"]
[Date "2014.06.??"]
[Round "4"]
[White "Villeneuve, Luc"]
[Black "Gunapalan, David"]
[Result "0-1"]
[WhiteElo "1753"]
[BlackElo "1858"]
[PlyCount "50"]
[EventDate "2014.06.06"]
[EventType "swiss"]
[EventRounds "5"]
[EventCountry "CAN"]

1. Nf3 d5 2. d4 e6 3. c4 c5 4. cxd5 exd5 5. g3 Nc6 6. Bg2 Nf6 7. O-O Be7 8. Nc3
O-O 9. dxc5 d4 10. Na4 Bf5 11. Bd2 Be4 12. Rc1 Re8 13. Ne1 Qd5 14. Qb3 Qh5 15.
Bxe4 Nxe4 16. Qd3 Nxd2 17. Qxd2 Bg5 18. e3 dxe3 19. Qd5 e2 20. Nf3 exf1=Q+ 21.
Rxf1 h6 22. h4 Rad8 23. Qb3 Bf6 24. Kg2 Rd7 25. Nc3 Bxc3 0-1

[Event "Outaouais op (TORO) U1900"]
[Site "Gatineau CAN"]
[Date "2014.06.??"]
[Round "5"]
[White "Bilodeau, Victor"]
[Black "Lavergne, Daniel"]
[Result "0-1"]
[WhiteElo "1609"]
[BlackElo "1747"]
[PlyCount "38"]
[EventDate "2014.06.06"]
[EventType "swiss"]
[EventRounds "5"]
[EventCountry "CAN"]

1. d4 Nf6 2. c4 c5 3. Nf3 cxd4 4. Nxd4 e5 5. Nf3 e4 6. Nd4 d5 7. e3 Nc6 8. Nc3
Bc5 9. Nb3 Bb4 10. Bd2 dxc4 11. Bxc4 O-O 12. Qc2 Bc5 13. O-O Ne5 14. Nd5 Bd6
15. Nxf6+ Qxf6 16. Bd5 Qh4 17. f3 Nxf3+ 18. Rxf3 Qxh2+ 19. Kf1 exf3 0-1

[Event "Outaouais op (TORO) U1900"]
[Site "Gatineau CAN"]
[Date "2014.06.??"]
[Round "5"]
[White "Gunapalan, David"]
[Black "Mathieu, Guillaume"]
[Result "1/2-1/2"]
[WhiteElo "1858"]
[BlackElo "1747"]
[PlyCount "60"]
[EventDate "2014.06.06"]
[EventType "swiss"]
[EventRounds "5"]
[EventCountry "CAN"]

1. e4 d6 2. d4 g6 3. Nc3 Bg7 4. Be3 Nf6 5. f3 Nc6 6. Qd2 e5 7. Nge2 exd4 8.
Nxd4 Nxd4 9. Bxd4 O-O 10. O-O-O Be6 11. g4 Nd7 12. Bxg7 Kxg7 13. h4 Qf6 14. h5
g5 15. h6+ Kh8 16. Be2 Qf4 17. Qxf4 gxf4 18. Nd5 Bxd5 19. Rxd5 Ne5 20. Rh5 Rae8
21. Rf5 Re6 22. Rxf4 Rxh6 23. Rf5 Rh2 24. Kd1 Rh1+ 25. Kd2 Rh2 26. Ke3 Kg7 27.
Rb5 b6 28. f4 Rh3+ 29. Kd4 Nc6+ 30. Kc4 Na5+ 1/2-1/2

[Event "Outaouais op (TORO) U1900"]
[Site "Gatineau CAN"]
[Date "2014.06.??"]
[Round "5"]
[White "Ju, Terrence"]
[Black "Villeneuve, Luc"]
[Result "1-0"]
[WhiteElo "1524"]
[BlackElo "1753"]
[PlyCount "27"]
[EventDate "2014.06.06"]
[EventType "swiss"]
[EventRounds "5"]
[EventCountry "CAN"]

1. d4 g6 2. Nf3 Bg7 3. c4 d6 4. Nc3 Nf6 5. e4 O-O 6. Bg5 h6 7. Be3 Ng4 8. Qd2
Nxe3 9. Qxe3 Na6 10. Be2 c5 11. O-O Bg4 12. e5 cxd4 13. Qxd4 dxe5 14. Qxg4 1-0

[Event "Outaouais op (TORO) U1900"]
[Site "Gatineau CAN"]
[Date "2014.06.??"]
[Round "5"]
[White "Labelle, Raymond"]
[Black "Poirier, Alexis"]
[Result "1/2-1/2"]
[WhiteElo "1387"]
[BlackElo "1577"]
[PlyCount "145"]
[EventDate "2014.06.06"]
[EventType "swiss"]
[EventRounds "5"]
[EventCountry "CAN"]

1. e4 c5 2. Nf3 d6 3. d4 cxd4 4. Nxd4 Nf6 5. Nc3 a6 6. a4 e5 7. Nf5 Be6 8. Bg5
Nbd7 9. Nxd6+ Bxd6 10. Qxd6 Rc8 11. Rd1 Qa5 12. Bd2 Rc6 13. Qa3 Bc4 14. Bxc4
Rxc4 15. b3 Rxc3 16. Bxc3 Qxc3+ 17. Ke2 Qxc2+ 18. Rd2 Qxe4+ 19. Kd1 Qb1+ 20.
Qc1 Qxc1+ 21. Kxc1 Nc5 22. Kb2 Ke7 23. Rc1 Nfe4 24. Rd5 Rd8 25. Rxe5+ Kd6 26.
Rd1+ Kxe5 27. Rxd8 Nxf2 28. a5 Ncd3+ 29. Kc3 Nf4 30. Kc4 Ne4 31. Re8+ Ne6 32.
Rb8 Nd6+ 33. Kc3 Ke4 34. Kd2 Kd4 35. Kc2 Ke3 36. Kd1 Kf2 37. g4 Kg2 38. h4 Kg3
39. h5 Kxg4 40. h6 g6 41. Rh8 Ng5 42. Rd8 Nde4 43. Rd7 Nc5 44. Rd4+ Kh5 45. b4
Nce4 46. Rd7 f5 47. Rxb7 f4 48. Ke2 f3+ 49. Kf1 f2 50. b5 Nf3 51. Rf7 Nfd2+ 52.
Ke2 f1=Q+ 53. Rxf1 Nxf1 54. bxa6 Nfg3+ 55. Ke3 Nf5+ 56. Kxe4 Nd6+ 57. Kd5 Nc8
58. Kc6 g5 59. Kc7 Na7 60. Kb7 g4 61. Kxa7 g3 62. Kb8 g2 63. a7 g1=Q 64. a8=Q
Qb6+ 65. Kc8 Qc5+ 66. Kd7 Qf5+ 67. Ke7 Qg5+ 68. Kd6 Qxh6+ 69. Kc5 Qe3+ 70. Kb4
Qd4+ 71. Kb3 Qd3+ 72. Ka4 Qc4+ 73. Ka3 1/2-1/2

[Event "Outaouais op (TORO) U1900"]
[Site "Gatineau CAN"]
[Date "2014.06.??"]
[Round "5"]
[White "Lecorre, Joel"]
[Black "Roth, Gerhard"]
[Result "1-0"]
[WhiteElo "1694"]
[BlackElo "1738"]
[PlyCount "65"]
[EventDate "2014.06.06"]
[EventType "swiss"]
[EventRounds "5"]
[EventCountry "CAN"]

1. e4 c5 2. Nc3 g6 3. g3 Nc6 4. Bg2 Nf6 5. d3 Bg7 6. Nge2 O-O 7. O-O d6 8. f4
Qb6 9. Kh1 Bg4 10. Qe1 e5 11. Nd1 Nd4 12. Nxd4 cxd4 13. c3 Bxd1 14. Qxd1 dxc3
15. bxc3 exf4 16. Bxf4 Nh5 17. Bd2 Rac8 18. d4 Qc7 19. Qb3 b6 20. Rf2 Qe7 21.
Raf1 Rc7 22. g4 Nf6 23. Bg5 Qd7 24. Bxf6 Qxg4 25. Bxg7 Kxg7 26. Rf4 Qc8 27.
R4f3 h5 28. Qb4 Qd7 29. Rf6 Rd8 30. d5 h4 31. Qd4 Kg8 32. R1f3 Qb5 33. Bf1 1-0

[Event "Outaouais op (TORO) U1900"]
[Site "Gatineau CAN"]
[Date "2014.06.??"]
[Round "5"]
[White "Lemieux, Serge"]
[Black "Fei, David"]
[Result "0-1"]
[WhiteElo "1556"]
[BlackElo "1899"]
[PlyCount "100"]
[EventDate "2014.06.06"]
[EventType "swiss"]
[EventRounds "5"]
[EventCountry "CAN"]

1. d4 d5 2. c4 dxc4 3. e3 e5 4. Qa4+ Nc6 5. Bxc4 exd4 6. Bb5 dxe3 7. Bxc6+ bxc6
8. Qxc6+ Bd7 9. Qe4+ Be7 10. Bxe3 Nf6 11. Qd3 O-O 12. Ne2 Rb8 13. b3 Bb4+ 14.
Nbc3 Bb5 15. Qxd8 Rfxd8 16. Bxa7 Bxc3+ 17. Nxc3 Re8+ 18. Kd1 Rbd8+ 19. Kc1 Bc6
20. f3 Rd3 21. Kc2 Rd6 22. Bc5 Rde6 23. Rad1 h5 24. a4 Nd7 25. Bd4 Rg6 26. Rd2
h4 27. Rf1 Ne5 28. Bxe5 Rxe5 29. Rff2 h3 30. gxh3 Re3 31. Nd5 Bxd5 32. Rxd5
Rc6+ 33. Kb2 Rb6 34. Rd8+ Kh7 35. Rdd2 Rexb3+ 36. Kc1 Rb1+ 37. Kc2 Ra1 38. Rfe2
Rxa4 39. Re7 Ra2+ 40. Kd1 Ra1+ 41. Ke2 Re6+ 42. Rxe6 fxe6 43. Rc2 Rh1 44. Ke3
Kg6 45. Kf4 Kf6 46. Kg3 Rg1+ 47. Kf2 Rg5 48. Rxc7 g6 49. Rc4 Rh5 50. Kg3 Rd5 {
Je n'ai pas le reste de la partie.} 0-1

[Event "Outaouais op (TORO) U1900"]
[Site "Gatineau CAN"]
[Date "2014.06.??"]
[Round "5"]
[White "Lord, Daniel"]
[Black "Akrib, Fouad"]
[Result "1-0"]
[WhiteElo "1646"]
[BlackElo "1733"]
[PlyCount "55"]
[EventDate "2014.06.06"]
[EventType "swiss"]
[EventRounds "5"]
[EventCountry "CAN"]

1. d4 Nf6 2. c4 e5 3. dxe5 Ng4 4. Nf3 Bc5 5. e3 Nc6 6. b3 Ngxe5 7. Bb2 Nxf3+ 8.
Qxf3 O-O 9. Qg4 g6 10. Qh3 d5 11. Qh6 d4 12. a3 a5 13. Be2 Re8 14. O-O Bf8 15.
Qf4 g5 16. Qf3 g4 17. Qf4 Bd6 18. Qh6 Re6 19. Qh5 Re5 20. Qh6 Bf8 21. Qf4 Bd6
22. Bxd4 Nxd4 23. Qxd4 Qh4 24. h3 Rg5 25. Nd2 Bc5 26. Qd8+ Kg7 27. Ne4 Kg6 28.
Qf6+ 1-0

[Event "Outaouais op (TORO) U1900"]
[Site "Gatineau CAN"]
[Date "2014.06.??"]
[Round "5"]
[White "Mathieu, Jeremie"]
[Black "Jobin, Gilles G"]
[Result "1/2-1/2"]
[WhiteElo "1584"]
[BlackElo "1703"]
[PlyCount "71"]
[EventDate "2014.06.06"]
[EventType "swiss"]
[EventRounds "5"]
[EventCountry "CAN"]

1. e4 c5 2. c4 Nc6 3. Nc3 g6 4. g3 Bg7 5. Bg2 d6 6. Nge2 e6 7. d3 a6 8. O-O Nd4
9. Rb1 Rb8 10. a3 b6 11. Nxd4 Bxd4 12. Ne2 Bg7 13. Be3 Ne7 14. b4 Qc7 15. Qb3
Nc6 16. bxc5 bxc5 17. Qc2 O-O 18. Bd2 Bd7 19. Bc3 Bxc3 20. Nxc3 Nd4 21. Qa2
Rxb1 22. Rxb1 Rb8 23. Rxb8+ Qxb8 24. Qb1 Ne2+ 25. Kf1 Qxb1+ 26. Nxb1 Nc1 27. f4
Nxd3 28. Ke2 Nb2 29. Nd2 e5 30. fxe5 dxe5 31. Nb3 Na4 32. Ke3 Kf8 33. h3 Ke7
34. g4 g5 35. Bf3 Kd6 36. Be2 1/2-1/2

[Event "Outaouais op (TORO) U1900"]
[Site "Gatineau CAN"]
[Date "2014.06.??"]
[Round "5"]
[White "Piche, Guy"]
[Black "Danis, Jacques"]
[Result "1-0"]
[WhiteElo "1652"]
[BlackElo "1530"]
[PlyCount "51"]
[EventDate "2014.06.06"]
[EventType "swiss"]
[EventRounds "5"]
[EventCountry "CAN"]

1. f4 d5 2. e3 Nf6 3. Nf3 c5 4. b3 Nc6 5. Bb5 Bd7 6. Bb2 e6 7. O-O Be7 8. d3 a6
9. Bxc6 Bxc6 10. Ne5 Qc7 11. Nd2 O-O 12. Ndf3 Nd7 13. Nxd7 Bxd7 14. Ne5 f6 15.
Qg4 Qd8 16. Nxd7 Qxd7 17. f5 e5 18. Rf3 Bd6 19. e4 d4 20. Qh4 Qf7 21. Rh3 h6
22. Rg3 g5 23. fxg6 Qg7 24. Bc1 Be7 25. Bxh6 f5 26. Qh3 1-0

[Event "Outaouais op (TORO) U1900"]
[Site "Gatineau CAN"]
[Date "2014.06.??"]
[Round "5"]
[White "Poirier, Martin"]
[Black "Legault, Stephane"]
[Result "0-1"]
[WhiteElo "1540"]
[BlackElo "1520"]
[PlyCount "82"]
[EventDate "2014.06.06"]
[EventType "swiss"]
[EventRounds "5"]
[EventCountry "CAN"]

1. d4 Nf6 2. c4 d5 3. cxd5 Nxd5 4. e4 Nb6 5. Nf3 g6 6. Nc3 Bg7 7. Be3 O-O 8.
Be2 Nc6 9. O-O a6 10. Qd2 Bg4 11. d5 Na5 12. Bxb6 cxb6 13. b4 Bxf3 14. gxf3 Rc8
15. Rac1 Nc4 16. Bxc4 Rxc4 17. Na4 Rd4 18. Qe1 Qd7 19. Nb2 Qh3 20. Qe3 Rxb4 21.
Nd3 Bh6 22. Qe2 Rd4 23. f4 Rxd3 24. f3 Bxf4 25. Rf2 Rd2 26. Qf1 Bxh2+ 27. Kh1
Qh6 28. Rxd2 Bf4+ 29. Kg1 Bxd2 30. Rc2 Be3+ 31. Kg2 f5 32. Qc4 Qg5+ 33. Kf1
Qg1+ 34. Ke2 Bc5 35. d6+ Kg7 36. dxe7 Bxe7 37. Qc7 Rf7 38. Qc3+ Kh6 39. e5 Qg2+
40. Kd1 Qf1+ 41. Kd2 Bg5+ 0-1

[Event "Outaouais op (TORO) U1900"]
[Site "Gatineau CAN"]
[Date "2014.06.??"]
[Round "5"]
[White "Rodriguez, Jose Manuel"]
[Black "Ju, Lawrence"]
[Result "1-0"]
[WhiteElo "1652"]
[BlackElo "1600"]
[PlyCount "71"]
[EventDate "2014.06.06"]
[EventType "swiss"]
[EventRounds "5"]
[EventCountry "CAN"]

1. e4 c5 2. Nf3 Nc6 3. c3 Nf6 4. d3 g6 5. Be2 Bg7 6. O-O d5 7. e5 Nd7 8. d4
cxd4 9. cxd4 O-O 10. Nc3 Nb6 11. Re1 f6 12. Bb5 Bg4 13. Bxc6 bxc6 14. e6 Qd6
15. h3 Bxe6 16. a4 Bd7 17. b3 e5 18. Ba3 Qc7 19. Bxf8 Rxf8 20. dxe5 fxe5 21.
Nd2 e4 22. Rc1 Qf4 23. Qe2 Bd4 24. Nd1 Be5 25. g3 Qf6 26. Kg2 Qf5 27. Rh1 Bd4
28. Ne3 Bxe3 29. Qxe3 h5 30. Rcf1 g5 31. f3 exf3+ 32. Rxf3 Qg6 33. Rxf8+ Kxf8
34. Rf1+ Kg7 35. Qe7+ Kh8 36. Rf8+ 1-0

[Event "Outaouais op (TORO) U1900"]
[Site "Gatineau CAN"]
[Date "2014.06.??"]
[Round "5"]
[White "Van Dusen, Eric"]
[Black "Tremblay, Mario"]
[Result "0-1"]
[WhiteElo "1790"]
[BlackElo "1676"]
[PlyCount "80"]
[EventDate "2014.06.06"]
[EventType "swiss"]
[EventRounds "5"]
[EventCountry "CAN"]

1. d4 d5 2. c4 e6 3. Nc3 c5 4. Nf3 Nc6 5. cxd5 exd5 6. g3 Nf6 7. Bg5 Be7 8. Bg2
O-O 9. O-O Bf5 10. Rc1 Re8 11. dxc5 d4 12. Nb5 d3 13. Nc3 Ne4 14. Bxe7 Nxc3 15.
Rxc3 Rxe7 16. exd3 Nb4 17. Qb3 Nc6 18. Rd1 Bg4 19. Rf1 Bxf3 20. Bxf3 Nd4 21.
Qd1 Qa5 22. a3 Nb5 23. Rc4 Rae8 24. Qa4 Qxa4 25. Rxa4 Rd8 26. Rd1 Nd4 27. Kg2
a6 28. Rb4 Nxf3 29. Kxf3 f6 30. d4 Red7 31. Rc4 Kf7 32. c6 Rc7 33. Rdc1 b6 34.
b4 Ke6 35. Ke4 Kd6 36. a4 Re8+ 37. Kd3 Kd5 38. b5 a5 39. f3 Rce7 40. R1c3 Re2
0-1

[Event "Outaouais op (TORO) U1900"]
[Site "Gatineau CAN"]
[Date "2014.06.??"]
[Round "5"]
[White "Yergeau, Simon"]
[Black "Guentchev, Radoslav"]
[Result "0-1"]
[WhiteElo "1549"]
[BlackElo "1674"]
[PlyCount "100"]
[EventDate "2014.06.06"]
[EventType "swiss"]
[EventRounds "5"]
[EventCountry "CAN"]

1. d4 d5 2. Bf4 c6 3. e3 Qb6 4. b3 Nf6 5. Bd3 Bg4 6. Nf3 Bxf3 7. Qxf3 e6 8. O-O
Be7 9. c4 O-O 10. c5 Qd8 11. b4 a6 12. Nc3 Nbd7 13. a4 b5 14. a5 g6 15. Ne2 Nh5
16. Bh6 Re8 17. Nf4 Nxf4 18. exf4 f5 19. Rae1 Bf6 20. Qe3 Qe7 21. g3 Bh8 22. h4
Qf6 23. h5 Qxd4 24. Qxd4 Bxd4 25. hxg6 hxg6 26. Kg2 e5 27. fxe5 Nxe5 28. Bc2
Ng4 29. Bd2 Kf7 30. Bd1 Rxe1 31. Bxe1 Ne5 32. Be2 Nc4 33. Bxc4 bxc4 34. Rh1 Rh8
35. Rxh8 Bxh8 36. Kf3 Ke6 37. Ke3 d4+ 38. Ke2 Kd5 39. f3 d3+ 40. Ke3 Bd4+ 41.
Kd2 Bb2 42. Ke3 Bc1+ 43. Bd2 Bxd2+ 44. Kxd2 Kd4 45. b5 c3+ 46. Kd1 Ke3 47. bxc6
c2+ 48. Kc1 Ke2 49. c7 d2+ 50. Kxc2 d1=Q+ 0-1

[Event "Outaouais-ch"]
[Site "Gatineau CAN"]
[Date "2014.04.15"]
[Round "1"]
[White "Desjardins, Michel"]
[Black "Rose, Richard"]
[Result "1/2-1/2"]
[WhiteElo "1955"]
[BlackElo "1913"]
[PlyCount "60"]
[EventDate "2014.04.15"]
[EventType "swiss"]
[EventRounds "6"]
[EventCountry "CAN"]

1. e4 c5 2. c3 Nc6 3. d4 cxd4 4. cxd4 d6 5. Nf3 g6 6. Bc4 Nf6 7. Nc3 Bg7 8. h3
O-O 9. O-O a6 10. a4 Na5 11. Ba2 b5 12. axb5 axb5 13. e5 dxe5 14. dxe5 Nd7 15.
Bd5 Ra6 16. Bf4 e6 17. Be4 Nc5 18. Qxd8 Rxd8 19. b4 Nxe4 20. Nxe4 Nc4 21. Rad1
Rd5 22. Nc3 Rxd1 23. Rxd1 Bf8 24. Rd8 Bb7 25. Bh6 Ra8 26. Rxf8+ Rxf8 27. Bxf8
Kxf8 28. Nxb5 Bxf3 29. gxf3 Nxe5 30. Nd4 Ke8 1/2-1/2